000
00286dam a22001097a 4500
999
_c
2938
_d
2938
008
190430e1995 sp ||||| |||| 00| 0 spa d
100
_a
Farreras Valenti, P.
_9
448
245
_a
Medicina Interna
_n
Tomo I y II
250
_a
13a ed.
260
_a
Barcelona
_b
MOsby; Doyma
_c
1995
500
_a
Baja